| 000 | 00440nam a2200193Ia 4500 | ||
|---|---|---|---|
| 003 | 0100 | ||
| 008 | 130227s9999 xx 000 0 und d | ||
| 040 | _cARRUPELIB | ||
| 050 | _aHB 835 .E413 1984 | ||
| 100 | _aEllul, Jacques. | ||
| 245 | _aMoney & Power | ||
| 260 | _aIllinos | ||
| 260 | _binter-Varsity Press | ||
| 260 | _C1984 | ||
| 300 | _a173p. | ||
| 300 | _b21cm. | ||
| 650 | _bChristian saints- Biography | ||
| 942 |
_2lcc _02 |
||
| 999 |
_c7261 _d7261 |
||